Compilación de normas sobre hacienda pública (Registro nro. 5881)

Detalles MARC
000 -ENCABEZADO
Número de control [NR] 00884nam a2200241Ia 4500
008 - DE LONGITUD FIJA DE DATOS DE ELEMENTOS - INFORMACIÓN GENERAL
Elementos de longitud fija [NR] 130821s1967 ck gr spa
040 ## - FUENTE DE CATALOGACION [NR]
Agencia de catalogación original [NR] Co-BoUCM
Idioma de catalogación [NR] spa
041 ## - CODIGO DE IDIOMA [R]
Código de idioma para texto/pista de sonido o título separado [R] Español
100 1# - ASIENTO PRINCIPAL--NOMBRE PERSONAL [NR]
Nombre personal [NR] Bravo A., Juan Rafael
ID Autoridad 110202
245 10 - MENCION DE TITULO [NR]
Título [NR] Compilación de normas sobre hacienda pública
Mención de responsabilidad, etc. [NR] Juan Rafael Bravo A. ; asistente de compilación Sr. Mario Jaramillo ; colaboradores Mario A. Jiménez...[et al.]
260 ## - PUBLICACION, DISTRIBUCION, ETC. (PIE DE IMPRENTA) [R]
Lugar de publicación, distribución, etc. [R] Bogotá (Colombia)
Nombre del editor, distribuidor, etc. [R] Ediciones Rosarístas
Fecha de publicación, distribución, etc. [R] 1967
300 ## - DESCRIPCION FISICA [R]
Extensión [R] 565 páginas
490 ## - MENCION DE SERIE [R]
Mención de serie [R] Colección principe
650 04 - ASIENTO SECUNDARIO DE MATERIA - TERMINO TEMATICO [R]
Término temático o nombre geográfico como elemento de entrada [NR] Administración pública
9 (RLIN) 355
650 04 - ASIENTO SECUNDARIO DE MATERIA - TERMINO TEMATICO [R]
Término temático o nombre geográfico como elemento de entrada [NR] Economía
9 (RLIN) 174
650 04 - ASIENTO SECUNDARIO DE MATERIA - TERMINO TEMATICO [R]
Término temático o nombre geográfico como elemento de entrada [NR] Finanzas
9 (RLIN) 7628
650 04 - ASIENTO SECUNDARIO DE MATERIA - TERMINO TEMATICO [R]
Término temático o nombre geográfico como elemento de entrada [NR] Hacienda pública
9 (RLIN) 16681
650 04 - ASIENTO SECUNDARIO DE MATERIA - TERMINO TEMATICO [R]
Término temático o nombre geográfico como elemento de entrada [NR] Presupuesto nacional
9 (RLIN) 22260
700 1# - ASIENTO SECUNDARIO - NOMBRE PERSONAL [R]
Nombre personal [NR] Jaramillo, Mario
Término de relación [R]
9 (RLIN) 105191
700 1# - ASIENTO SECUNDARIO - NOMBRE PERSONAL [R]
Nombre personal [NR] Jiménez, Mario A.
9 (RLIN) 110203
942 ## - ELEMENTOS DE ENTRADA AGREGADOS (KOHA)
Tipo de ítem principal el descrito en 300a Libro
Tema principal Economía
Edición 1
Parte restante de la signatura top. B71c
Sistema de clasificación DEWEY
Clasificación 336
Existencias
Fecha de último préstamo Total préstamos Signatura topográfica Código de barras Última vez visto Ejemplar Price effective from Tipo de ítem Perdido Sistema de clasificación Dañado No prestable Tipo de ítem específico Suprimido Ubicación habitual Ubicación actual Localización Fecha de creación Forma de adquisición Costo
17/11/2006 1 336 B71c 100001239 03/12/2016 Ej.2 03/02/2013 Libro   DEWEY     Libro   Bodega Bodega Préstamo 4 días después de solicitado 28/02/2003 Compra 200.00
11/01/2012   336 B71c 100122266 04/12/2025 Ej.3 03/02/2013 Libro   DEWEY     Libro   Claustro Claustro Mezanine 28/02/2012 Donación 26000.00
    336 B71c 100001238 26/05/2026 Ej.1 03/02/2013 Edición Rosarista   DEWEY     Libro Edición Rosarista   Bodega Quinta de Mutis Préstamo 4 días después de solicitado 28/02/2003 Compra 200.00